|
|
|
|
| LEADER |
00000cam a2200000 a 4500 |
| 001 |
45311 |
| 003 |
Ucuenca |
| 005 |
20231110062615.0 |
| 008 |
989042|1988 ec |||||r|||||||||||spa|| |
| 040 |
|
|
|b spa
|
| 041 |
0 |
|
|a spa
|
| 082 |
0 |
|
|a 808.8
|
| 100 |
1 |
|
|a Ribadeneira, Edmundo.
|d 1920-2004
|9 210568
|
| 245 |
|
|
|a A propósito de hechos y personajes de la cultura
|c Edmundo Ribadeneira M.
|h imp
|
| 264 |
|
|
|a Quito
|b Casa de la Cultura Ecuatoriana "Benjamín Carrión"
|c 1988
|
| 300 |
|
|
|a 324 páginas:
|c 20 cm
|
| 650 |
|
|
|a Ensayo ecuatoriano
|9 911
|
| 650 |
|
0 |
|a Literatura ecuatoriana
|9 307
|
| 852 |
|
|
|a UC-CDJBV
|f Donación
|l 1
|m General
|p 19890428
|q 700,00
|r 8
|t 45311
|b 0
|d CDRC
|e CDRC
|g 808.8 TERCER PISO
|z 1989-90-42
|
| 942 |
|
|
|c BK
|
| 999 |
|
|
|c 1700
|d 1700
|